| 000 | 01299nam a2200289 a 4500 | ||
|---|---|---|---|
| 001 | 58447 | ||
| 003 | BD-RjUL | ||
| 005 | 20211209080624.0 | ||
| 008 | 161218s2001 enka b 101 0 eng | ||
| 020 | _a0860373762 | ||
| 020 | _a0860373819 (pbk.) | ||
| 035 | _a(BD-RjUL)58571 | ||
| 040 |
_aDLC _cDLC _dDLC _beng |
||
| 041 | _aeng | ||
| 082 | 0 | 0 |
_a332.1091767 _222 _bISL 2001 |
| 245 | 1 | 0 |
_aIslamic banking and finance : _bcurrent developments in theory and practice / _cedited by Munawar Iqbal. |
| 260 |
_aLeicester, UK : _bIslamic Foundation, _cc2001. |
||
| 300 |
_axxvi, 449 p. : _bill. ; _c22 cm. |
||
| 500 | _aConsidered the first of two volumes containing the proceedings of the Fourth International Conference on Islamic Economics and Banking, held at Loughborough University UK, during August 13-15, 2000. Work considered second volume is entitled Islamic economic institutions and the elimination of poverty. | ||
| 504 | _aIncludes bibliographical references and index. | ||
| 650 | 0 |
_aBanks and banking _zIslamic countries _vCongresses. _9173573 |
|
| 650 | 0 |
_aFinance _zIslamic countries _vCongresses. _9173574 |
|
| 700 | 1 |
_aIqbal, Munawar. _9173575 |
|
| 730 | 0 |
_aIslamic economic institutions and the elimination of poverty. _9173576 |
|
| 942 |
_2ddc _cBK |
||
| 999 |
_c58447 _d58447 |
||